| 000 | 00575nam a2200181 a 4500 | ||
|---|---|---|---|
| 005 | 20210223125607.0 | ||
| 008 | 050224s1990 mx r 000 0 spa d | ||
| 020 | _a9686455019 | ||
| 035 | _aUPN01000137620 | ||
| 049 | _aCG | ||
| 050 | 4 |
_aLC92 E4 _bT6.2 |
|
| 100 | 1 |
_aToledo Hermosillo, María Eugenia _940154 |
|
| 245 | 1 | 0 |
_aAlfabetizar bajo la guerra : _bla educación popular en El Salvador / _cMa. Eugenia Toledo Hermosillo. |
| 260 |
_aMéxico : _bAguirre y Beltrán, _c1990. |
||
| 300 | _a126 p. | ||
| 650 | 4 |
_aEDUCACION POPULAR - _zEL SALVADOR _915825 |
|
| 905 | _aLibro | ||
| 999 |
_c109771 _d109771 |
||